000 05404cam a22019094i 4500
003 PE-LiUPU
005 20250813165330.0
008 151117s2012 sp rb 000 0 spa d
020 _a9788497568081
035 _a(Sirsi) i9788497568081
040 _aPE-LiUPU
_bspa
_cPE-LiUPU
_erda
049 _aPRUA
082 0 4 _a616.89156
_bG25
082 0 4 _a615.851
_bG23 2012
082 0 4 _a616
_bG23 2012
100 1 _aGarcía Martínez, Jesús,
_eautor.
245 1 0 _aTécnicas narrativas en psicoterapia /
_cJesús García-Martínez.
264 1 _aMadrid :
_bSíntesis,
_c[2012].
300 _a315 páginas ;
_c21 centímetros.
336 _atext
_2rdacontent
337 _aunmediated
_2rdamedia
338 _avolume
_2rdacarrier
490 0 _aPsicología clínica. Guías técnicas ;
_v14.
504 _aBibliografía : páginas 307-315.
505 0 _aEl marco de las narrativas en psicoterapia -- Las historias de vida en la práctica clínica -- Otras formas de trabajar con la memoria -- Estrategias de revisión de la trama narrativa -- La búsqueda de excepciones -- Generando el sentido de autoría -- Estrategias cognitivas-narrativas -- Técnicas dialógicas -- Otros modos de poner en marcha nuevas perspectivas -- La utilidad de la producción de escritos -- Epílogo: mirada global a las estrategias narrativas.
526 _aP203
526 _aP200
526 _aSEG65
526 _aSEG64
526 _aSEG63
526 _aSEG62
526 _aSEG61
526 _aSEG60
526 _aSEG59
526 _aSEG58
526 _aSEG57
526 _aSEG56
526 _aSEG55
526 _aSEG54
526 _aSEG53
526 _aSEG52
526 _aSEG51
526 _aSEG50
526 _aSEG49
526 _aSEG48
526 _aSEG47
526 _aSEG46
526 _aSEG24
526 _aSEG23
526 _aSEG22
526 _aSEG21
526 _aSEG20
526 _aSEG19
526 _aSEG18
526 _aSEG17
526 _aSEG16
526 _aSEG14
526 _aSEG13
526 _aSEG12
526 _aSEG11
526 _aSEG10
526 _aSEG09
526 _aSEG06
526 _aSEG05
526 _aSEG04
526 _aSEG03
526 _aSEG02
526 _aSEG68
526 _aSEG66
526 _aSEG45
526 _aSEG25
526 _aSEG01
526 _aP163
526 _aP162
526 _aP161
526 _aP160
526 _aP159
526 _aP158
526 _aP157
526 _aP156
526 _aP155
526 _aP154
526 _aP153
526 _aP152
526 _aP151
526 _aP150
526 _aP149
526 _aP142
526 _aP141
526 _aP140
526 _aP139
526 _aP138
526 _aP137
526 _aP132
526 _aP131
526 _aP130
526 _aP126
526 _aP125
526 _aP124
526 _aP123
526 _aP115
526 _aP122
526 _aP121
526 _aP116
526 _a P114
526 _aP112
526 _aP111
526 _aP104
526 _aP103
526 _aP102
526 _aP101
526 _aP100
526 _aP96
526 _aP95
526 _aP93
526 _aP92
526 _aP91
526 _aP88
526 _aP83
526 _aP82
526 _aP79
526 _aP78
526 _aP75
526 _aP74
526 _aP71
526 _aP69
526 _a P51
526 _aP49
526 _aP48
526 _aP47
526 _aP33
526 _aP31
526 _a P30
526 _aP29
526 _aP27
526 _aP26
526 _aP25
526 _aP24
526 _a P22
526 _aP10
526 _aP09
526 _a P08
526 _aP06
526 _aP05
526 _aP04
526 _aP01
541 _g001-001614;
541 _g423-0000038;
650 7 _aComunicación escrita
_xUso terapéutico.
650 7 _aNarrativa (Psicoterapia).
910 _ajche
_bjkc
_cjche
_d20151117
942 _2ddc
_cBOOK
949 _a616.89156 G25
_wDEWEY
_c1
_i72052
_lCCODEBUL1
_mBUL
_p44.78
_r0
_sY
_tBOOK
_u2015-11-17
_xSALUD
_PP33
_0COMPRA
_o.STAFF. Colección General
949 _a615.851 G23 2012
_wDEWEY
_c1
_iFJ06514
_lCCODEBUJ1
_mBUJ
_p23.00
_r0
_sY
_tBOOK
_u2016-11-17
_xSALUD
_PP33
_0COMPRA
_o.STAFF. Colección General Juliaca
949 _a616 G23 2012
_wDEWEY
_c1
_iFT03763
_lCCODEBUT1
_mBUT
_p{dolar}76.90
_r0
_sY
_tBOOK
_u2018-09-03
_xFSALUD
_PP33
_0COMPRA
_o.STAFF. Colección General Tarapoto
994 _aC0
_bPEPRU
596 _a1 2 3
999 _a616.89156 G25
_wDEWEY
_c7846
_i72052
_d7846
_e2018-1-24
_f2021-11-4
_g4
_lCCODEBUL1
_mBUL
_n2
_p44.78
_q1
_r0
_sY
_tBOOK
_u2015-11-17
_xSALUD
_PP33
_0COMPRA
_o.STAFF. Colección General
999 _a615.851 G23 2012
_wDEWEY
_c1
_iFJ06514
_d2018-11-16
_e2018-11-13
_f2022-1-25
_g4
_lCCODEBUJ1
_mBUJ
_n5
_p23.00
_q5
_r0
_sY
_tBOOK
_u2017-2-7
_xSALUD
_PP33
_0COMPRA
_o.STAFF. Colección General Juliaca
999 _a616 G23 2012
_wDEWEY
_c1
_iFT03763
_d2019-8-14
_e2019-8-12
_f2019-2-20
_g1
_lCCODEBUT1
_mBUT
_n1
_p76.90
_r0
_sY
_tBOOK
_u2018-9-3
_xSALUD
_PP33
_0COMPRA
_o.STAFF. Colección General Tarapoto
980 _81
_gALBERTO SANCHEZ Responsable de Automatización